| 000 | 00556nam a2200169Ia 4500 | ||
|---|---|---|---|
| 008 | 090711s9999 xx 000 0 und d | ||
| 082 | _b1854 | ||
| 100 | _aभसे पोपटराव | ||
| 245 | _aझाशीSाी रणSांडी | ||
| 260 |
_bशांती पब्लिकेशन्स _c1997 |
||
| 300 | _a512 | ||
| 600 | _aभसे पोपटराव | ||
| 630 | _aझाशीSाी रणSांडी | ||
| 700 | _aभसे पोपटराव | ||
| 730 | _aझाशीSाी रणSांडी | ||
| 942 | _cBOOK | ||
| 999 |
_c325995 _d325995 |
||